000 00638nam a22002417a 4500
003 UA-OsUOA
001 74222
007 ta
008 20110331b un ||||| |||| 00| 0 ukr d
100 _aКузьмин М.П.
090 _a821.161.1
_bК89
942 _cBK
040 _aUA-OsUOA
_brus
_cUA-OsUOA
_dUA-OsUOA
245 _aПоследний полет Буревестника
300 _a264 с.
955 _a2
041 _arus
080 _a821.161.1
020 _a966-8305-46-9
260 _aК.
_bОрияны
_c2005
650 7 _a82 Література. Літературознавство
_2UDC
999 _c360518
_d360518